• 首页
  • 本馆介绍
  • 公告通知
  • 最新文献
  • 馆藏检索
  • 电子资源
  • 读者导购
  • 参考咨询
  • 我的图书馆
  • 登录
  • 期刊详细显示
  • 现刊情况显示
  • 合订本情况显示
  • 篇目信息显示

期刊信息

  • 表格格式
  • 工作单格式
  • 卡片格式
索取号 
B0/TJOP
题名 
THE JOURNAL OF PHILOSOPHY
作者 
BERNARD BEROFSHY
分册号 
分册名 
出版地 
NEW YORK
出版者 
THE JOURNAL OF PHILOSOPHY,INC.
标准刊号 
0022-362X
出版频率 
月刊
中图法分类 
B0
主题词 
哲学理论
电子资源 
000 00475nas0 2200181 45
001 0740546123
005 20070416111903.78
011    @a0022-362X@d$25.00(1988)
100    @a20070416d km y0chiy0120 ea
101 0  @aeng
200 1  @aTHE JOURNAL OF PHILOSOPHY@fBERNARD BEROFSHY
210    @aNEW YORK@cTHE JOURNAL OF PHILOSOPHY,INC.
326    @a月刊
606 0  @a哲学理论
690    @aB0@v4
701  0 @aBERNARD BEROFSHY
801  0 @aCN@bPFT@c20070416
905    @aTJWY@dB0@eTJOP
    
    THE JOURNAL OF PHILOSOPHY/BERNARD BEROFSHY.-NEW YORK:THE JOURNAL OF PHILOSOPHY,INC.
    
    
    
    ISSN 0022-362X:$25.00(1988)
    
●
相关链接: 在易读查询期刊 在中国知网中查询期刊 在万方数据查询期刊 在维普查询期刊
唐山师范学院图书馆 欢迎您!
大连网信软件有限公司© 版权所有